For the First Time - Mac DeMarco (all lyrics) - Statistics

General Stats
  • This quiz has been taken 68 times
  • The average score is 121 of 174
Answer Stats
Answer % Correct
I
97%
first
95%
for
95%
the
95%
The
95%
time
95%
again
92%
her
92%
like
87%
seeing
87%
it
85%
It's
85%
Just
85%
just
85%
be
79%
she
79%
to-
79%
to
79%
been
74%
day-
74%
day
74%
away
72%
she's
72%
Living
69%
feel
67%
rough
67%
that
67%
No,
62%
understand
62%
has
59%
how
59%
tough
59%
feeling
56%
not
56%
While
56%
forget
54%
I'll
54%
I'm
54%
Know
54%
know
54%
my
54%
out-
54%
out
54%
on
51%
side
51%
Simply
51%
way
51%
forever
49%
hard
49%
trying
49%
times
46%
alive
44%
are
44%
gone
44%
of-
44%
There
44%
won't
44%
And
41%
around
41%
being
41%
Somewhere
41%
coming
38%
find
38%
home
38%
many
36%
soon
36%
this
36%
town-
36%
found
33%
at
31%
feels
31%
work
31%
me
28%
heart
26%
somehow
26%
far
23%
inside
21%
old
21%
But
13%
No matching quizzes found
Score Distribution
Percent of People with Each Score
Percentile by Number Answered
Your Score History
You have not taken this quiz